A Danubius Hotels Group marketingstrtégiájának és online marketingkommunikációjának szerepe és hatékonysága a magyar szállodaipar versenykörnyezetében

Bibliographic Details
Main Author: Horváth Márk
Other Authors: Sarkadi Katalin
Format: Thesis
Kulcsszavak:marketing
online marketing
szállodaipar
vállalati marketing stratégiák
versenytársak elemzése
Online Access:http://dolgozattar.uni-bge.hu/59778

MARC

LEADER 00000nta a2200000 i 4500
001 dolg59778
005 20260409145543.0
008 260409suuuu hu om 000 hun d
040 |a BGE Dolgozattár Repozitórium  |b hun 
041 |a hu 
100 1 |a Horváth Márk 
245 1 2 |a A Danubius Hotels Group marketingstrtégiájának és online marketingkommunikációjának szerepe és hatékonysága a magyar szállodaipar versenykörnyezetében  |c Horváth Márk  |h [elektronikus dokumentum] 
520 3 |a A szállodaipar, mint a szolgáltató szektor meghatározó ága, jelentős szereplővé vált a globális gazdaságban, különösen az online marketing eszközeinek és technikáinak fejlődésével. A Danubius Hotels Group, mint Magyarország egyik vezető szállodalánca, kiemelt figyelmet fordít marketingstratégiájának folyamatos fejlesztésére annak érdekében, hogy a versenyképes piacon megőrizzék vezető szerepüket. A jelen szakdolgozat célja, hogy bemutassa a Danubius Hotels Group marketingkommunikációs stratégiáját, különösen az online marketing eszközeinek alkalmazását, valamint a vállalat piaci helyzetét és versenyképességét a magyar szállodaiparban. A dolgozat első részében a szállodaipar marketingjére vonatkozó elméleti alapokat elemzem, különös figyelmet fordítva az online marketing szerepére és eszközeire, mint például a közösségi média, a keresőoptimalizálás (SEO), az e-mail marketing és az influencer marketing. Ezen eszközök használata lehetőséget biztosít a szállodák számára, hogy hatékonyan elérjék a célcsoportjaikat, növeljék láthatóságukat és javítsák a foglaltságukat.A szakdolgozat második részében a Danubius Hotels Group marketingstratégiáját és online marketingkommunikációját vizsgálom. Elemzem a vállalat piaci helyzetét, a versenytársakhoz viszonyított erősségeit és gyengeségeit, valamint a marketingeszközök alkalmazásának hatékonyságát. A kutatás során a vállalat hivatalos kommunikációs csatornáit, mint a weboldal, közösségi média oldalak és e-mail kampányok elemzem, valamint a fogyasztói visszajelzéseket és a szállodák vendégélményét is figyelembe veszem.A dolgozat harmadik része a Danubius Hotels Group által alkalmazott marketinginnovációkat és az iparági trendeket tárgyalja, különös figyelmet fordítva a wellness és gyógyturizmus marketingjére, mivel a Danubius szállodák egyik fő vonzereje ezen szolgáltatások köré épül. Az innovatív marketingeszközök alkalmazása lehetőséget biztosít a szállodaláncnak arra, hogy megszólítsa a fiatalabb generációkat, miközben továbbra is erősíti hagyományos, idősebb vendégkörét. Végül a dolgozat összegzi a Danubius Hotels Group online marketingkommunikációjának jelenlegi helyzetét, javaslatokat tesz a további fejlődésre, és előrejelzést ad a jövőbeli trendekre vonatkozóan, figyelembe véve a digitalizáció és a fenntarthatóság kihívásait. A kutatás célja, hogy segítséget nyújtson a vállalat számára a versenyképességük javításában és a piacon való fenntartható növekedés elérésében.Ez a dolgozat hozzájárul a szállodaipari marketing és online kommunikáció területén végzett kutatásokhoz, különös figyelmet fordítva a Danubius Hotels Group gyakorlatainak elemzésére, amelyek példát mutathatnak más szállodaláncok számára is a magyar piacon. 
695 |a marketing 
695 |a online marketing 
695 |a szállodaipar 
695 |a vállalati marketing stratégiák 
695 |a versenytársak elemzése 
700 1 |a Sarkadi Katalin  |e ths 
856 4 0 |u http://dolgozattar.uni-bge.hu/59778/1/Szakdolgozat_Horv%C3%A1th_M%C3%A1rk_f2xpfd_2024.pdf  |z Dokumentum-elérés 
856 4 0 |u http://dolgozattar.uni-bge.hu/59778/2/Interj%C3%BA%20a%20Danubius%20Hotels%20online%20marketing%20csapat%C3%A1val.pdf  |z Dokumentum-elérés 
856 4 0 |u http://dolgozattar.uni-bge.hu/59778/3/Interj%C3%BA%20Pencz%20Dorotty%C3%A1val%2C%20Danubius%20Hotels%20web%20%C3%A9s%20e-mail%20marketing%20menedzsere.pdf  |z Dokumentum-elérés 
856 4 0 |u http://dolgozattar.uni-bge.hu/59778/4/BA%20KM%20magyar%20b%C3%ADr%C3%A1lati%20lap%20K%C3%9CLS%C5%90_Horv%C3%A1th%20M%C3%A1rk.pdf  |z Dokumentum-elérés 
856 4 0 |u http://dolgozattar.uni-bge.hu/59778/5/BA%20KM%20magyar%20bi%CC%81ra%CC%81lati%20lap%20BELSO%CC%8B_Horva%CC%81thMa%CC%81rk_SarkadiKatalin_2025_05_26.pdf  |z Dokumentum-elérés